| 000 | 00615nam a22001937a 4500 | ||
|---|---|---|---|
| 003 | 0 | ||
| 005 | 20250502142816.0 | ||
| 008 | 250430b xxu||||| |||| 00| 0 eng d | ||
| 020 | _a9789719655398 | ||
| 050 |
_aHF 1017 _b.Si621 2023 |
||
| 100 |
_aSirug, Winston S. _e[author] |
||
| 245 |
_aStatistical analysis for business _cWinston S. Sirug |
||
| 260 |
_aIntramuros, Manila _bMindshapers Co., Inc. _c2023 |
||
| 300 |
_ax, 396 pages; _c25cm. |
||
| 650 | _aBusiness—Statistical methods. | ||
| 650 | _aStatistics—Application in business. | ||
| 650 | _aDecision making—Statistical methods. | ||
| 942 |
_2lcc _cBK |
||
| 999 |
_c367441 _d367441 |
||